000 00299nam a22001337a 4500
008 170508b xxu||||| |||| 00| 0 eng d
020 _a9780673398970
041 _aeng
080 _a34
100 _a14
101 _ashj
245 _ajudgin the constitution
_cMCCANN.M.W
942 _2udc
_cBK
999 _c12887
_d12887